| 000 | 00389nam a2200157Ia 4500 | ||
|---|---|---|---|
| 005 | 20250627020000.0 | ||
| 008 | 240331s9999 xx 000 0 und d | ||
| 020 | _a9551387198 | ||
| 082 |
_bGAM _a371 |
||
| 100 | _aGamachchi,L | ||
| 245 | 0 | _aNayakayek wanna | |
| 260 |
_aMulleria _bWijesuriya Reader's Foundation _c2006 |
||
| 300 | _a100 p., | ||
| 650 | _aPractical Psychology | ||
| 942 | _cL | ||
| 999 |
_c5018 _d5018 |
||